000 00498nab a2200145Ia 4500
003 ES-SlBCS
005 20220423201908.0
008 140529s1991 xxu||||| |||| 00| 0 fre d
041 _afre
100 1 _aBühler, Pierre
_910824
245 0 0 _aFaille conformité ou dialogue critique? Une approche systémique des interactions entre la foi et la raison
_c Pierre Bühler
650 0 4 _aFe
_914445
773 0 _tRevue de Theologie et de Philosophie
_gvol. 123, 1991, págs. 59-77
_wRev1459
942 _cAR
999 _c556299
_d556299